Southville International School and Colleges
Your cart is empty.
  • Cart
  • Lists
    Public lists Eva Luna New books Lux_list list_1
    Your lists Log in to create your own lists
  • Log in to your account
  • Your cookies
  • Search history
Southville International School and Colleges
  • Advanced search
  • Recent comments
  • Most popular
  • Libraries

Log in to your account

Log in with GOOGLE


If you do not have an external account, but do have a local account, you can still log in:

  1. Home
  2. MARC view: Elementary statistics /
Normal view MARC view ISBD view

Elementary statistics / (Record no. 115684)

[ view plain ]
MARC details
000 -LEADER
fixed length control field 00592nam a2200205Ia 4500
003 - CONTROL NUMBER IDENTIFIER
control field SISC
005 - DATE AND TIME OF LATEST TRANSACTION
control field 20160822090543.0
008 - FIXED-LENGTH DATA ELEMENTS--GENERAL INFORMATION
fixed length control field 140429s9999 xx 000 0 und d
020 ## - INTERNATIONAL STANDARD BOOK NUMBER
International Standard Book Number 9780840058782
050 ## - LIBRARY OF CONGRESS CALL NUMBER
Classification number HA 29
Item number .J587 2012
100 ## - MAIN ENTRY--PERSONAL NAME
Personal name Johnson, Robert.
245 ## - TITLE STATEMENT
Title Elementary statistics /
Statement of responsibility, etc Robert Johnson and Patricia Kuby.
250 ## - EDITION STATEMENT
Edition statement 11th edition.
260 ## - PUBLICATION, DISTRIBUTION, ETC. (IMPRINT)
Place of publication, distribution, etc Australia :
Name of publisher, distributor, etc Brooks/Cole Cengage Learning,
Date of publication, distribution, etc 2012.
300 ## - PHYSICAL DESCRIPTION
Extent 803 pages :
Other physical details ill. (some col.) ;
Dimensions 28 cm.
500 ## - GENERAL NOTE
General note Includes index.
650 ## - SUBJECT ADDED ENTRY--TOPICAL TERM
Topical term or geographic name as entry element Statistics.
942 ## - ADDED ENTRY ELEMENTS (KOHA)
Call number prefix Foreign
Koha item type Books
Source of classification or shelving scheme Library of Congress Classification
Holdings
Withdrawn status Lost status Damaged status Home library Current library Shelving location Date acquired Source of acquisition Cost, normal purchase price Total Checkouts Total Renewals Full call number Barcode Date last seen Date checked out Price effective from Koha item type
      College Library College Library Reserve Section 04/29/2014 Library Fund 7560.00 8 42 HA 29 .J587 2012 C17013 12/02/2019 12/02/2019 04/29/2014 Books

Elementary statistics /

APA

Johnson R., . (2012). Elementary statistics. Australia: Brooks/Cole Cengage Learning.

Chicago

Johnson Robert, . 2012. Elementary statistics. Australia: Brooks/Cole Cengage Learning.

Harvard

Johnson R., . (2012). Elementary statistics. Australia: Brooks/Cole Cengage Learning.

MLA

Johnson Robert, . Elementary statistics. Australia: Brooks/Cole Cengage Learning. 2012.

  • Place hold
  • Print
  • Cite
  • Add to your cart (remove)
  • Save record
    BIBTEX Dublin Core MARCXML MARC (non-Unicode/MARC-8) MARC (Unicode/UTF-8) MARC (Unicode/UTF-8, Standard) MODS (XML) RIS
  • More searches
    Search for this title in:
    Other Libraries (WorldCat) Other Databases (Google Scholar) Online Stores (Bookfinder.com) Open Library (openlibrary.org)

Exporting to Dublin Core...

SOUTHVILLE LIBRARY

Southville International School and Colleges Library

1281 Tropical Ave. Cor. Luxembourg St., BF Homes International, Las Pinas City

Tel. No. 8256374 / 252358 Loc. 117/146

Powered by Koha